Sustainable FM Index 2015 (Record no. 115609)

MARC details
000 -LEADER
fixed length control field 00933cam a22002175a 4500
001 - CONTROL NUMBER
control field L158978
008 - FIXED-LENGTH DATA ELEMENTS--GENERAL INFORMATION
fixed length control field 151118s2015 xxk f 000 0 eng d
035 ## - SYSTEM CONTROL NUMBER
System control number (Sirsi) u158978
041 0# - LANGUAGE CODE
Language code of text/sound track or separate title eng
110 2# - MAIN ENTRY--CORPORATE NAME
Corporate name or jurisdiction name as entry element Acclaro Advisory
245 00 - TITLE STATEMENT
Title Sustainable FM Index 2015
Medium [electronic resource]
260 ## - PUBLICATION, DISTRIBUTION, ETC.
Place of publication, distribution, etc. Bracknell
Name of publisher, distributor, etc. Acclaro Advisory
Date of publication, distribution, etc. 2015
520 ## - SUMMARY, ETC.
Summary, etc. Produced annually, provides a 360 degree view on the sustainable performance of leading UK facility management providers, both private and listed companies, measured on 23 key sustainability factors broken down into management and governance, environment and society.
590 ## - LOCAL NOTE (RLIN)
Local note KA
650 24 - SUBJECT ADDED ENTRY--TOPICAL TERM
Topical term or geographic name entry element PERFORMANCE
651 #4 - SUBJECT ADDED ENTRY--GEOGRAPHIC NAME
Geographic name United Kingdom
Chronological subdivision
690 ## - LOCAL SUBJECT ADDED ENTRY--TOPICAL TERM (OCLC, RLIN)
Topical term or geographic name as entry element Facilities management
9 (RLIN) 6240
690 ## - LOCAL SUBJECT ADDED ENTRY--TOPICAL TERM (OCLC, RLIN)
Topical term or geographic name as entry element Sustainability
9 (RLIN) 6271
856 40 - ELECTRONIC LOCATION AND ACCESS
Uniform Resource Identifier <a href="https://media.wix.com/ugd/5d2fd1_e894083044eb4265b0a150a140e509c9.pdf">https://media.wix.com/ugd/5d2fd1_e894083044eb4265b0a150a140e509c9.pdf</a>
Public note View the item free of charge from www.media.wix.com
942 ## - ADDED ENTRY ELEMENTS (KOHA)
Suppress in OPAC 0
Holdings
Withdrawn status Lost status Source of classification or shelving scheme Damaged status Not for loan Home library Current library Shelving location Date acquired Total Checkouts Full call number Barcode Date last seen Copy number Price effective from Koha item type
    Dewey Decimal Classification     Virtual Virtual Online 18/11/2015   ONLINE PUBLICATION 158978-2001 06/08/2019 1 06/08/2019 Book